[Event "CUB-ch U18"]
[Site "Pinar del Rio"]
[Date "2019.06.30"]
[Round "4"]
[White "Gallar Tamayo, Abel"]
[Black "Sotolongo Lezcano, Javier"]
[Result "1-0"]
[WhiteElo "2167"]
[BlackElo "2042"]
[PlyCount "97"]
[EventDate "2019.06.28"]
[EventType "swiss"]
[EventRounds "9"]
[EventCountry "CUB"]
[SourceTitle "CBM 195 Extra"]
[Source "ChessBase"]
[SourceDate "2020.05.31"]
[SourceVersion "1"]
[SourceVersionDate "2020.05.31"]
[SourceQuality "1"]

1. e4 e5 2. Nf3 Nc6 3. Bb5 a6 4. Ba4 Nf6 5. Qe2 b5 6. Bb3 Be7 7. 0-0 d6 8. c3 0-0 9. Rd1 Na5 10. Bc2 c5 11. d3 Nc6 12. Nbd2 Re8 13. Nf1 Bg4 14. h3 Bxf3 15. Qxf3 d5 16. Ne3 d4 17. Nf5 Bf8 18. Bg5 Be7 19. a4 dxc3 20. bxc3 b4 21. cxb4 cxb4 22. Bb3 Nd4 23. Nxd4 Qxd4 24. Be3 Qc3 25. Bc4 b3 26. Rac1 Qb4 27. Rb1 b2 28. Qe2 Rab8 29. Rd2 Qxa4 30. Rdxb2 Rb4 31. Rxb4 Bxb4 32. Bxa6 Qxa6 33. Rxb4 Rd8 34. Qc2 h6 35. d4 exd4 36. Bxd4 Rc8 37. Qb1 Qe2 38. Bxf6 gxf6 39. Rb8 Rxb8 40. Qxb8+ Kg7 41. Qg3+ Kh7 42. Qf4 Qe1+ 43. Kh2 Kg7 44. Kg3 Qc3+ 45. Kh4 Qc8 46. Qg4+ Qxg4+ 47. Kxg4 Kh7 48. Kf5 Kg7 49. f4 1-0

[Event "CUB Province-chT Schools 54th"]
[Site "Santa Clara"]
[Date "2018.07.17"]
[Round "9.3"]
[White "Villalon Toledano, Saily"]
[Black "Sotolongo Lezcano, Javier"]
[Result "0-1"]
[WhiteElo "1720"]
[BlackElo "1927"]
[PlyCount "40"]
[EventDate "2018.07.13"]
[EventType "team-swiss"]
[EventRounds "9"]
[EventCountry "CUB"]
[SourceTitle "CBM 195 Extra"]
[Source "ChessBase"]
[SourceDate "2020.05.31"]
[SourceVersion "1"]
[SourceVersionDate "2020.05.31"]
[SourceQuality "1"]
[WhiteTeam "Guantanamo"]
[BlackTeam "Camaguey"]
[WhiteTeamCountry "CUB"]
[BlackTeamCountry "CUB"]

1. e4 e5 2. Nf3 Nc6 3. Bc4 Bc5 4. c3 Nf6 5. d3 h6 6. Bb3 0-0 7. Be3 Bb6 8. 0-0 d5 9. Bxb6 axb6 10. Qe2 Bg4 11. Nbd2 Re8 12. Qe3 Qd7 13. Rfe1 Rad8 14. Nf1 d4 15. cxd4 Bxf3 16. gxf3 Nxd4 17. Rad1 Nh5 18. f4 exf4 19. Qd2 f3 20. Ne3 Qh3 0-1

[Event "CUB Province-chT Schools 54th"]
[Site "Santa Clara"]
[Date "2018.07.15"]
[Round "5.3"]
[White "Garcia Rivero, Andy Anibal"]
[Black "Sotolongo Lezcano, Javier"]
[Result "1-0"]
[WhiteElo "2035"]
[BlackElo "1927"]
[PlyCount "61"]
[EventDate "2018.07.13"]
[EventType "team-swiss"]
[EventRounds "9"]
[EventCountry "CUB"]
[SourceTitle "CBM 195 Extra"]
[Source "ChessBase"]
[SourceDate "2020.05.31"]
[SourceVersion "1"]
[SourceVersionDate "2020.05.31"]
[SourceQuality "1"]
[WhiteTeam "Holguin"]
[BlackTeam "Camaguey"]
[WhiteTeamCountry "CUB"]
[BlackTeamCountry "CUB"]

1. d4 Nf6 2. c4 g6 3. f3 Bg7 4. e4 d6 5. Be3 0-0 6. Ne2 Nfd7 7. g4 c5 8. Nbc3 Nc6 9. Rc1 e5 10. dxc5 dxc5 11. Qd2 Nd4 12. Bg2 Nb6 13. Nd5 Nxd5 14. cxd5 b6 15. Ng3 f5 16. gxf5 gxf5 17. Bxd4 cxd4 18. 0-0 f4 19. Ne2 Rf6 20. Rc6 Bd7 21. Rxf6 Bxf6 22. Nc1 Rc8 23. Nd3 Bb5 24. Bh3 Rc7 25. Kh1 Kh8 26. Rg1 Rg7 27. Rc1 Rc7 28. Rxc7 Qxc7 29. Qb4 Kg7 30. Qxb5 Qc2 31. Bf1 1-0

[Event "CUB Province-chT Schools 54th"]
[Site "Santa Clara"]
[Date "2018.07.15"]
[Round "6.3"]
[White "Torres Valiente, Brayan"]
[Black "Sotolongo Lezcano, Javier"]
[Result "0-1"]
[WhiteElo "1866"]
[BlackElo "1927"]
[PlyCount "40"]
[EventDate "2018.07.13"]
[EventType "team-swiss"]
[EventRounds "9"]
[EventCountry "CUB"]
[SourceTitle "CBM 195 Extra"]
[Source "ChessBase"]
[SourceDate "2020.05.31"]
[SourceVersion "1"]
[SourceVersionDate "2020.05.31"]
[SourceQuality "1"]
[WhiteTeam "Santiago de Cuba"]
[BlackTeam "Camaguey"]
[WhiteTeamCountry "CUB"]
[BlackTeamCountry "CUB"]

1. e4 e5 2. Nf3 Nc6 3. Bb5 a6 4. Bxc6 dxc6 5. 0-0 Bg4 6. d3 Qf6 7. Nbd2 Ne7 8. h3 h5 9. b3 Ng6 10. Bb2 Rd8 11. Re1 Bc5 12. hxg4 hxg4 13. g3 gxf3 14. Qxf3 Qg5 15. Nf1 Rd6 16. Bc1 Nf4 17. Bxf4 exf4 18. g4 Rdh6 19. e5 Rh3 20. Qd1 f3 0-1

[Event "Camaguey 503 op"]
[Site "Camaguey"]
[Date "2017.02.04"]
[Round "7.5"]
[White "Ramos Silvera, Roberto Alejandro"]
[Black "Sotolongo Lezcano, Javier"]
[Result "1-0"]
[WhiteElo "1900"]
[BlackElo "1800"]
[PlyCount "51"]
[EventDate "2017.02.01"]
[EventType "swiss"]
[EventRounds "9"]
[EventCountry "CUB"]
[SourceTitle "EXT 2023"]
[Source "ChessBase"]
[SourceDate "2022.10.05"]
[SourceVersion "1"]
[SourceVersionDate "2022.10.05"]
[SourceQuality "1"]

1. e4 e5 2. Nf3 Nf6 3. Nxe5 d6 4. Nf3 Nxe4 5. Nc3 Nxc3 6. dxc3 Be7 7. Bd3 Nd7 8. Be3 0-0 9. Qd2 Ne5 10. Be2 c5 11. 0-0 Be6 12. b3 h6 13. c4 Qc7 14. Nxe5 dxe5 15. f4 Rad8 16. Qe1 f5 17. fxe5 Qxe5 18. Bd3 Bd6 19. Bf4 Qd4+ 20. Kh1 Rf6 21. c3 Qxd3 22. Rd1 Qe4 23. Rxd6 Rxd6 24. Bxd6 Bxc4 25. Qxe4 fxe4 26. Rxf6 1-0

[Event "Camaguey 503 op"]
[Site "Camaguey"]
[Date "2017.02.02"]
[Round "4.2"]
[White "Perez Marimon, Jorge De Jesus"]
[Black "Sotolongo Lezcano, Javier"]
[Result "1-0"]
[WhiteElo "1948"]
[BlackElo "1800"]
[PlyCount "59"]
[EventDate "2017.02.01"]
[EventType "swiss"]
[EventRounds "9"]
[EventCountry "CUB"]
[SourceTitle "EXT 2023"]
[Source "ChessBase"]
[SourceDate "2022.10.05"]
[SourceVersion "1"]
[SourceVersionDate "2022.10.05"]
[SourceQuality "1"]

1. e4 e5 2. Nf3 Nc6 3. Bb5 a6 4. Ba4 Nf6 5. d3 Be7 6. Bxc6 dxc6 7. Nxe5 Bd6 8. Nc4 0-0 9. Nxd6 cxd6 10. 0-0 h6 11. Nc3 Nh7 12. f4 f5 13. Be3 Nf6 14. h3 Re8 15. Qf3 Qe7 16. Bd4 fxe4 17. dxe4 Nxe4 18. Nxe4 Qxe4 19. Qc3 Qg6 20. Rf3 c5 21. Bxg7 Kh7 22. Rg3 Qf7 23. Bf6 Rg8 24. Qd3+ Rg6 25. Re1 Bf5 26. Qxf5 Qxf6 27. Re7+ Qxe7 28. Qxg6+ Kh8 29. Qxh6+ Qh7 30. Qf6+ 1-0